Регионална библиотека "Любен Каравелов" - Русе

Медицинска микробиология и техника на микробиологичните изследвания (Запис номер 57736)

MARC детайли
000 -Лидер
Контролно поле с фиксирана дължина nam a22 a 4500
003 - Код на организацията, давaща контролен номер
Контролно поле BLK
005 - Дата и час на последна редакция
Контролно поле 20230411101112.0
008 - Елементи от данни с фиксирана дължина
fixed length control field 180408b bul|||||r ||||||| ||bul||
040 ## - Източник на каталожния запис
Идентификатор на билиотеката - собственик на записа BLK
041 ## - Код за език
Код за езика на текст/звукозапис или на отделно заглавие Български
Код за езика КДБФ Български
080 ## - УДК
Текстов определител УДК Медицинска микробиология. Подразделя се с отношение (Табл. Іb) към съответните деления на 61
УДК код - определител по УДК 579.61
УДК определител (075.8)
УДК - код + определител 579.61(075.8)
080 ## - УДК
Текстов определител УДК Етиология. Учение за причините на болестите
УДК код - определител по УДК 616-02
УДК определител (075.8)
УДК - код + определител 616-02(075.8)
100 1# - Редна дума - Автор
Автор Тягуненко, Юрий Венедиктович
Авторска отговорност първи автор
R(LIN) 242064
139 ## - Редно поле
Редна дума Тягуненко, Юрий Венедиктович и др.
245 10 - Сведения за заглавието
Заглавие Медицинска микробиология и техника на микробиологичните изследвания
Подзаглавни данни Учебник за мед. лаборанти
Редно поле (дума) Ю. В. Тягуненко, Т. Саркисян, Хр. Киселов.
250 ## - Област на изданието
Сведения за изданието 2. изд.
257 ## - Страна на издаване
Страна на създаване/издаване България
260 ## - Област на издателските данни
Място на издаване, разпространение и проч. София
Име на издателя, разпространителя и проч. Медицина и физкултура
Година на издаване 1978
Печатница Пловдив : Д. Благоев
300 ## - Физическа характеристика
Страници 415 с.
Илюстрации и др. с ил., табл.
Размери/Мащаб 22 см
380 ## - Жанр
Жанр Естествени науки. Математика
500 ## - Общи забележки
Забележка 1. изд. 1974.
650 #4 - Допълнително описание по предмет – тема
Основно описание – тема или топоним Микробиология, медицинска - учебници за ВУЗ
9 (RLIN) 247998
653 ## - Ключова дума – ненормативна
Ключова дума медицинска микробиология
653 ## - Ключова дума – ненормативна
Ключова дума микробиологични изследвания
653 ## - Ключова дума – ненормативна
Ключова дума учебници за ВУЗ
700 1# - Други автори (авторска отговорност)
Лично име Саркисян, Такухи Диран
Автороска отговорност (Описва отношението между автора и произведението) съавт.
9 (RLIN) 287823
700 1# - Други автори (авторска отговорност)
Лично име Киселов, Христо
Автороска отговорност (Описва отношението между автора и произведението) съавт.
9 (RLIN) 287824
852 ## - Местоположение
Форматна сигнатура Цб 93431
Фондова буква Хранилище
999 ## - СИСТЕМНИ КОНТРОЛНИ НОМЕРА
Koha biblionumber 57736
Koha biblioitemnumber 57736
942 ## - АРТИКУЛИ
Вид на библиотечния материал Книги
Скрит в OPAC Не
Периодичен библиозапис Да
944 ## - СЪЗДАВАНЕ И РЕДАКЦИЯ на ЗАПИСА
Създаване/Редакция Създаване
Дата на регистрацията/редакция 13.06.2004
Служител, извършил регистрацията/редакцията Читалня
944 ## - СЪЗДАВАНЕ И РЕДАКЦИЯ на ЗАПИСА
Създаване/Редакция Редакция
Дата на регистрацията/редакция 2022-11-10
Наличности
Код за отписване Код за изгубен артикул Източник на класификационната схема Код за повреда Коз за рестрикции Код за отдаване Артикулен № Име на библиотеката - собственик Име на библиотеката, в която се намира в момента Статус (Текущо местоположение) Дата на вписване в системата Местоположение - отдел Цена в лева Инвентарен номер Систематично азбучна сигнатура Баркод Номер на екземпляра Цена в евро Служебна бележка Служебен тип на артикула
Изтеглен Не е изгубен Universal Decimal Classification Не е повреден без рестрикции ползва се в читалня 94130 Регионална библиотека "Любен Каравелов" Русе Регионална библиотека "Любен Каравелов" Русе Читалня 1993-01-01 Читалня 1.37 266208 Ч 579/Т 99 266208 1 0.70 Дата инв: 17.03.2017 Бележки инв: Ч2017 Книги
  Не е изгубен Universal Decimal Classification Не е повреден без рестрикции ползва се в читалня 94131 Регионална библиотека "Любен Каравелов" Русе Регионална библиотека "Любен Каравелов" Русе Хранилище 1978-01-01 Хранилище 1.37 262569 Цб 93431 120000262569 2 0.70 Дост: Dp Вид: Д N: стар фонд Дата: 01.01.1978 Книги
Изтеглен Не е изгубен Universal Decimal Classification Не е повреден без рестрикции заемане за дома 94132 Регионална библиотека "Любен Каравелов" Русе Регионална библиотека "Любен Каравелов" Русе Заемна - подръчен фонд 1978-01-01 Заемна - подръчен фонд 1.37 266205 П 579/Т 99 266205 3 0.70 Вид: Сф N: стар фонд Дата: 01.01.1978 Книги
Изтеглен Не е изгубен Universal Decimal Classification Не е повреден без рестрикции заемане за дома 94133 Регионална библиотека "Любен Каравелов" Русе Регионална библиотека "Любен Каравелов" Русе Заемна - подръчен фонд 1978-01-01 Заемна - подръчен фонд 1.37 266207 П 579/Т 99 266207 4 0.70 Вид: Сф N: стар фонд Дата: 01.01.1978 Книги
Vip Innovations Ltd, Rousse, Bulgaria 2025